00821nam a22002297a 450000500170000000800410001702000180005804000210007604100080009708200150010510000360012024501060015625000120026226000660027430000100034065000300035070000300038070000370041094200120044799900170045995201150047620260309074230.0260309b |||||||| |||| 00| 0 eng d a9789381695432 aIN-DiNCcIN-DiNC deng a657.3bCHA aChaudhury, Suman Kalyaneauthor aFinancial services in India/cby Suman Kalyan Chaudhury, Santanu Kuma Das and Chandra Sekhar Pattnaik a1st ed. aNew Delhi:bGlobal Academic publishers & distributors,c2017. a336p. aIndian financial services aDas, Santanu Kumaeauthor aPattnaik, Chandra Sekhareauthor 2ddccBK c12315d12315 00102ddc40708COMaMAINbMAINcGENd2026-03-09l0o657.3 CHAp26988r2026-03-09 07:43:15t1w2026-03-09yBK